| 000 | 02235cam a22005294i 4500 | ||
|---|---|---|---|
| 003 | PE-LiUPU | ||
| 005 | 20250731180126.0 | ||
| 008 | 150625s1979 sp a r 000 0 spa d | ||
| 020 | _a8471140810 | ||
| 020 | _a9788471140814 | ||
| 035 | _a(Sirsi) a31210 | ||
| 040 |
_aPE-LiUPU _bspa _cPE-LiUPU _erda _dPE-LiUPU |
||
| 049 | _aPRUA | ||
| 082 | 0 | 4 |
_a589.20946 _bD75 _221 |
| 100 | 1 |
_aDiego Calonge, Francisco de, _eautor. |
|
| 245 | 1 | 0 |
_aSetas (hongos) : _bguía ilustrada / _cFrancisco de Diego Calonge. |
| 264 | 1 |
_aMadrid : _bMundi -Prensa, _c1979. |
|
| 300 |
_a309 páginas : _bilustraciones ; _c20 centímetros |
||
| 336 |
_atext _2rdacontent |
||
| 337 |
_aunmediated _2rdamedia |
||
| 338 |
_avolume _2rdacarrier |
||
| 505 | 0 | _aEcología de los hongos -- Morfología de las setas -- Caracteres organolépticos -- Caracteres microscópicos -- Principales reactivos químicos utilizados en micología -- Identificación de setas , comestibles y venenosas -- Pruebas populares para reconocer seta que deben ser abandonadas y olvidadas -- Recogida y conservación de setas -- Setas venenosas, tipos de envenenamientos ,tratamiento en los mismos -- Utilización de las setas comestibles -- Normas generales a tener en cuenta en la gastronomía de las setas -- Claves para identificar la setas en este libro. | |
| 526 | _aSEG44 | ||
| 526 | _aSEG26 | ||
| 526 | _aP159 | ||
| 526 | _aP155 | ||
| 526 | _aP154 | ||
| 526 | _aP153 | ||
| 526 | _aP150 | ||
| 526 | _aP100 | ||
| 526 | _aP31 | ||
| 526 | _aP30 | ||
| 526 | _aP26 | ||
| 526 | _aP25 | ||
| 526 | _aP24 | ||
| 526 | _aP22 | ||
| 526 | _aP15 | ||
| 526 | _aP10 | ||
| 650 | 0 | 4 | _aHongos - Identificación. |
| 650 | 0 | 4 | _aHongos. |
| 942 |
_2ddc _cBOOK |
||
| 949 |
_a589.20946 D75 _wDEWEY _c1 _i29309 _lCCODEBUL1 _mBUL _p00.00 _r0 _sY _tBOOK _u2015-06-25 _xBIBLIOTECA _zUNKNOWN _0COMPRA _o.STAFF. Colección Ciencias Humanas y Educación |
||
| 994 |
_aC0 _bPEPRU |
||
| 596 | _a1 | ||
| 999 |
_a589.20946 D75 _wDEWEY _c38740 _i29309 _d38740 _e2018-10-3 _f2021-11-5 _g6 _lCCODEBUL1 _mBUL _n3 _p10.00 _r0 _sY _tBOOK _u2015-6-25 _xBIBLIOTECA _zUNKNOWN _0COMPRA _o.STAFF. Colección Ciencias Humanas y Educación |
||
| 980 |
_81 _gALBERTO SANCHEZ Responsable de Automatización |
||